00374nam a2200145Ia 4500008004100000040001900041041001200060082002900072100001100101245002200112260004300134300002100177650002000198850001000218131103s9999 xx 000 0 und d aLoreto College aEnglish a891.433/YASbLCLIB/31071 aYaspal aDeshdrohicYaspal aAllahabadbLok Bharati Prakashanc1958 a253 p. c 18 cm. aHindi - Fiction aLCLIB